| 000 | 01038cam a2200277 i 4500 | ||
|---|---|---|---|
| 020 | _a9780199678990 (pbk.) | ||
| 082 | _a341.04 | ||
| 245 | 0 | 0 |
_aCheshire, North & Fawcett private international law / _cedited by Paul Torremans ; consultant editor, James J. Fawcett ; authors, Uglješa Grušić [and 7 others]. |
| 250 | _aFifteenth edition. | ||
| 260 |
_aUK, Oxford : _bOxford University Press _c2017 |
||
| 300 |
_aclxxxviii, 1435 pages ; _c25 cm |
||
| 504 | _aIncludes bibliographical references and index. | ||
| 650 | 0 |
_aConflict of laws, NLS2024, NLSTEXTBOOKS, NLSEBOOKBANK _9126866 |
|
| 650 | 0 | _932075 | |
| 700 | 1 |
_aTorremans, Paul, _935609 |
|
| 700 | 1 |
_aFawcett, J. J., _935610 |
|
| 700 | 1 |
_aGrušić, Uglješa. _935611 |
|
| 856 | _uhttp://10.250.8.41:8080/xmlui/handle/123456789/47856 | ||
| 942 |
_2ddc _cBK |
||
| 999 |
_c541236 _d541236 |
||